000 nam a22 7a 4500
999 _c94991
_d94990
005 20180531145757.0
008 180531b ||||| |||| 00| 0 eng d
080 _a89T-1 ET-A1
_bSOM
245 _aAinkurunooru
260 _aMadras
_bThe south India siva siddhita
_c1961
300 _a707p.
653 _aTamil literature
942 _cBK